Normal view
MARC view
- Hancock, G. J
Entry Personal Name
001 - CONTROL NUMBER
- control field: 111179
003 - CONTROL NUMBER IDENTIFIER
- control field: NUST
005 - DATE AND TIME OF LATEST TRANSACTION
- control field: 20230322170509.0
008 - FIXED-LENGTH DATA ELEMENTS
- fixed length control field: 230322|| aca||aabn | a|a d
040 ## - CATALOGING SOURCE
- Original cataloging agency: NUST
- Transcribing agency: NUST
100 ## - HEADING--PERSONAL NAME
- Personal name: Hancock, G. J
670 ## - SOURCE DATA FOUND
- Source citation: Work cat.: (NUST)0: Hancock, G. J., An introduction to the flight dynamics of rigid aeroplanes /, 1995.
